000 01009nam a2200241 i 4500
001 161672
003 ES-MaACL
005 20250720063054.0
008 940301s1881 sp |||| | spa d
080 _a782.1.035(460)
080 _a792.54(460)"18"
100 1 _aPeña y Goñi, Antonio,
_d1846-1896
_990290
245 1 3 _aLa ópera española y la música dramática en España en el siglo XIX
_b: apuntes históricos /
_cpor Antonio Peña y Goñi.
260 _aMadrid :
_b[s.n.],
_c1881 (
_fImp. y Estereotipia de El Liberal, a cargo de L. Polo)
300 _a680, [8] p. ;
_c25 cm.
530 _aDisponible en formato digital.
650 4 _aÓpera-
_zEspaña-
_yS.XIX.
_9148333
650 4 _aTeatro lírico-
_zEspaña.
_9148334
710 2 _aEl Liberal.
_9134624
852 4 _aES-MaACL
_jF-10417
_z- Enc. pasta
856 _uhttp://bibliotecadigitalhispanica.bne.es:80/webclient/DeliveryManager?pid=2142483&custom_att_2=simple_viewer
_zBiblioteca Digital Hispánica
999 _c161672
_d161672